<?xml version="1.0" encoding="UTF-8"?>
<record
    xmlns:xsi="http://www.w3.org/2001/XMLSchema-instance"
    xsi:schemaLocation="http://www.loc.gov/MARC21/slim http://www.loc.gov/standards/marcxml/schema/MARC21slim.xsd"
    xmlns="http://www.loc.gov/MARC21/slim">

  <leader>01364nam a2200241Ia 4500</leader>
  <datafield tag="952" ind1=" " ind2=" ">
    <subfield code="0">0</subfield>
    <subfield code="1">0</subfield>
    <subfield code="4">0</subfield>
    <subfield code="7">0</subfield>
    <subfield code="a">15</subfield>
    <subfield code="b">15</subfield>
    <subfield code="d">2007-03-16</subfield>
    <subfield code="l">0</subfield>
    <subfield code="o">510.24658 A696M</subfield>
    <subfield code="p">15 001943</subfield>
    <subfield code="r">2017-12-07</subfield>
    <subfield code="t">1</subfield>
    <subfield code="w">2012-06-28</subfield>
    <subfield code="y">LB</subfield>
  </datafield>
  <datafield tag="952" ind1=" " ind2=" ">
    <subfield code="0">0</subfield>
    <subfield code="1">0</subfield>
    <subfield code="4">0</subfield>
    <subfield code="7">0</subfield>
    <subfield code="a">03</subfield>
    <subfield code="b">03</subfield>
    <subfield code="d">2001-05-15</subfield>
    <subfield code="l">1</subfield>
    <subfield code="o">QA300 A75 1992</subfield>
    <subfield code="p">03 002592</subfield>
    <subfield code="r">2017-05-13</subfield>
    <subfield code="s">2017-05-12</subfield>
    <subfield code="t">1</subfield>
    <subfield code="w">2012-07-20</subfield>
    <subfield code="y">LB</subfield>
  </datafield>
  <datafield tag="952" ind1=" " ind2=" ">
    <subfield code="0">0</subfield>
    <subfield code="1">0</subfield>
    <subfield code="4">0</subfield>
    <subfield code="7">0</subfield>
    <subfield code="a">03</subfield>
    <subfield code="b">03</subfield>
    <subfield code="d">2001-05-15</subfield>
    <subfield code="l">2</subfield>
    <subfield code="o">QA300 A75 1992</subfield>
    <subfield code="p">03 002593</subfield>
    <subfield code="r">2017-06-05</subfield>
    <subfield code="s">2017-06-05</subfield>
    <subfield code="t">2</subfield>
    <subfield code="w">2012-07-20</subfield>
    <subfield code="y">LB</subfield>
  </datafield>
  <datafield tag="952" ind1=" " ind2=" ">
    <subfield code="0">0</subfield>
    <subfield code="1">0</subfield>
    <subfield code="2">lcc</subfield>
    <subfield code="4">0</subfield>
    <subfield code="7">0</subfield>
    <subfield code="a">07</subfield>
    <subfield code="b">07</subfield>
    <subfield code="d">2012-12-08</subfield>
    <subfield code="l">6</subfield>
    <subfield code="m">3</subfield>
    <subfield code="o">QA300 A7918 1992</subfield>
    <subfield code="p">07 003728</subfield>
    <subfield code="r">2018-11-13</subfield>
    <subfield code="s">2018-11-13</subfield>
    <subfield code="t">1</subfield>
    <subfield code="w">2012-12-08</subfield>
    <subfield code="y">LB</subfield>
  </datafield>
  <datafield tag="999" ind1=" " ind2=" ">
    <subfield code="c">75612</subfield>
    <subfield code="d">75612</subfield>
  </datafield>
  <controlfield tag="008">120629s1992    mx ad         000 0 spa d</controlfield>
  <datafield tag="020" ind1=" " ind2=" ">
    <subfield code="a">9688802301</subfield>
  </datafield>
  <datafield tag="050" ind1=" " ind2=" ">
    <subfield code="a">QA330</subfield>
    <subfield code="b">A75 1992</subfield>
  </datafield>
  <datafield tag="082" ind1=" " ind2=" ">
    <subfield code="a">510.24658 </subfield>
    <subfield code="b">A696m</subfield>
  </datafield>
  <datafield tag="100" ind1=" " ind2=" ">
    <subfield code="a">Arya, Jagdish C.</subfield>
    <subfield code="e">autor</subfield>
  </datafield>
  <datafield tag="240" ind1=" " ind2=" ">
    <subfield code="a">Mathematical Analysis for business, economics, and the life and social</subfield>
    <subfield code="l">espa&#xF1;ol</subfield>
  </datafield>
  <datafield tag="245" ind1=" " ind2=" ">
    <subfield code="a">Matem&#xE1;ticas aplicadas a la administraci&#xF3;n, econom&#xED;a, ciencias biol&#xF3;gicas y sociales </subfield>
    <subfield code="c"> / Jagdish C. Arya, Robin W. Lardner ; traducci&#xF3;n Elena de Oteyza</subfield>
  </datafield>
  <datafield tag="250" ind1=" " ind2=" ">
    <subfield code="a">3a edici&#xF3;n</subfield>
  </datafield>
  <datafield tag="260" ind1=" " ind2=" ">
    <subfield code="a">M&#xE9;xico </subfield>
    <subfield code="b"> : Prentice Hall</subfield>
    <subfield code="c">, 1992</subfield>
  </datafield>
  <datafield tag="300" ind1=" " ind2=" ">
    <subfield code="a">xvi, 870 p&#xE1;ginas</subfield>
    <subfield code="b"> : ilustraciones, gr&#xE1;ficas</subfield>
  </datafield>
  <datafield tag="500" ind1=" " ind2=" ">
    <subfield code="a">Incluye: ap&#xE9;ndices (pp. 813-830)
Incluye: &#xED;ndice (pp. 867-870)</subfield>
  </datafield>
  <datafield tag="505" ind1=" " ind2=" ">
    <subfield code="a">Repaso de &#xE1;lgebra
Ecuaciones de una variable
Desigualdades
Lineas rectas
Funciones y gr&#xE1;ficas
Logaritmos y exponenciales
Progresiones y matem&#xE1;ticas financieras
Probabilidad
&#xC1;lgebra de matrices
Inversas y determinantes
Programaci&#xF3;n lineal
La derivada
Calculo de derivadas
Optimizaci&#xF3;n y bosquejo de curvas
Mas sobre derivadas
Integraci&#xF3;n
La integral definida
Funciones de varias variables 
</subfield>
  </datafield>
  <datafield tag="519" ind1=" " ind2=" ">
    <subfield code="a">Material Complementario /</subfield>
    <subfield code="d">(03 002592, 03 002593)</subfield>
  </datafield>
  <datafield tag="650" ind1=" " ind2="0">
    <subfield code="a">AN&#xC1;LISIS MATEM&#xC1;TICO</subfield>
  </datafield>
  <datafield tag="700" ind1=" " ind2=" ">
    <subfield code="a">Larder, Robin W.</subfield>
    <subfield code="e">autor</subfield>
  </datafield>
  <datafield tag="700" ind1=" " ind2=" ">
    <subfield code="a">Oteyza, Ma. Elena de</subfield>
    <subfield code="e">traductora</subfield>
  </datafield>
  <datafield tag="942" ind1=" " ind2=" ">
    <subfield code="2">lcc</subfield>
    <subfield code="c">LB</subfield>
  </datafield>
</record>
